书目信息 |
| 题名: |
散杂居民族概论
|
|
| 作者: | 许宪隆 著 | |
| 分册: | ||
| 出版信息: | 北京 人民出版社 2013 |
|
| 页数: | 24,313页 | |
| 开本: | 24cm | |
| 丛书名: | ||
| 单 册: | ||
| 中图分类: | D633 | |
| 科图分类: | ||
| 主题词: | 民族工作 , 民族工作--研究--中国 | |
| 电子资源: | ||
| ISBN: | 978-7-01-012076-8 | |
| 000 | 00789nam0 2200229 450 | |
| 001 | 139145 | |
| 005 | 20140910125733.06 | |
| 010 | @a978-7-01-012076-8@dCNY 48.00 | |
| 100 | @a20130814d2013 em y0chiy50 ea | |
| 101 | 0 | @achi |
| 102 | @aCN@b110000 | |
| 105 | @ay z 000yy | |
| 200 | 1 | @a散杂居民族概论@Asan za ju min zu gai lun@b专著@f许宪隆等著 |
| 210 | @a北京@c人民出版社@d2013 | |
| 215 | @a24,313页@d24cm | |
| 330 | @a本书包括散杂居民族问题概览、散杂居格局的动态成因、散杂居民族关系的宏观考察、散杂居民族的社会结构、散杂居民族的宗教信仰、散杂居民族问题的表现形式、散杂居民族问题的反思7章内容。 | |
| 606 | 0 | @a民族工作 |
| 606 | 0 | @a民族工作@x研究@y中国 |
| 690 | @aD633@v5 | |
| 701 | 0 | @c(回)@a许宪隆@Axu xian long@f(1964 )@4著 |
| 801 | 0 | @c20140910 |
| 905 | @a241430@dD633@eX900 | |
| 散杂居民族概论/许宪隆等著.-北京:人民出版社,2013 |
| 24,313页;24cm |
| ISBN 978-7-01-012076-8:CNY 48.00 |
| 本书包括散杂居民族问题概览、散杂居格局的动态成因、散杂居民族关系的宏观考察、散杂居民族的社会结构、散杂居民族的宗教信仰、散杂居民族问题的表现形式、散杂居民族问题的反思7章内容。 |
| ● |
| 相关链接 |
|
|
|
正题名:散杂居民族概论
索取号:D633/X900
 
预约/预借
| 序号 | 登录号 | 条形码 | 馆藏地/架位号 | 状态 | 备注 |
| 1 | 0829423 | 208294237 | 社科库509/509社科库 74排9列2层/ [索取号:D633/X900] | 在馆 | |
| 2 | 0829424 | 208294246 | 社科库509/509社科库 74排9列2层/ [索取号:D633/X900] | 在馆 | |
| 3 | 0829425 | 208294255 | 社科库509/509社科库 74排9列2层/ [索取号:D633/X900] | 在馆 |